[Event "Moscow op-E"]
[Site "Moscow"]
[Date "2011.02.01"]
[Round "4.250"]
[White "Oganjanyan, David G"]
[Black "Kalinin, Nikita"]
[Result "0-1"]
[WhiteElo "1810"]
[BlackElo "2012"]
[PlyCount "46"]
[EventDate "2011.01.29"]
[EventType "swiss"]
[EventRounds "9"]
[EventCountry "RUS"]
[SourceTitle "EXT 2022"]
[Source "ChessBase"]
[SourceDate "2021.10.06"]
[SourceVersion "1"]
[SourceVersionDate "2021.10.06"]
[SourceQuality "1"]

1. e4 c5 2. Nf3 d6 3. d4 cxd4 4. Nxd4 Nf6 5. Nc3 a6 6. Bg5 e6 7. f4 Qb6 8. Nb3 Nbd7 9. Qf3 Be7 10. 0-0-0 Qc7 11. Bd3 b5 12. Rhe1 Bb7 13. Qg3 b4 14. Nd5 exd5 15. exd5 Kf8 16. Nd4 Nxd5 17. Bxe7+ Nxe7 18. Qg5 Nc5 19. Bf5 Bc8 20. Bxc8 Rxc8 21. f5 Nd5 22. f6 Nxf6 23. Nf5 Nb3+ 0-1